|
|
|
|
| LEADER |
00000nam2a2200000 4500 |
| 001 |
39678 |
| 005 |
20231031011618.0 |
| 035 |
|
|
|a (RuTPU)RU\TPU\book\40551
|
| 035 |
|
|
|a RU\TPU\book\40547
|
| 090 |
|
|
|a 39678
|
| 100 |
|
|
|a 20020410d1964 k y0rusy50 ca
|
| 101 |
0 |
|
|a rus
|
| 102 |
|
|
|a RU
|
| 105 |
|
|
|a h z 000zy
|
| 200 |
0 |
|
|a Т. 26. Ч. 3
|a К. Маркс. Теории прибавочной стоимости ( IV том " Капитала ") Ч. 3. ( Гл. XIX - XXIV )
|
| 210 |
|
|
|d 1964
|
| 215 |
|
|
|a 674 с.
|c факс.
|
| 461 |
|
1 |
|0 (RuTPU)RU\TPU\book\40444
|t Сочинения
|o В 30-ти томах
|f К. Маркс, Ф. Энгельс
|g Институт марксизма-ленинизма при ЦК КПСС
|v Т. 26. Ч. 3. : К. Маркс. Теории прибавочной стоимости (IV том " Капитала "). Ч. 3. ( Гл. XIX - XXIV )
|e 2-е изд.
|d 1955-
|
| 610 |
1 |
|
|a сочинения
|
| 610 |
1 |
|
|a политическая экономия
|
| 610 |
1 |
|
|a экономические учения
|
| 610 |
1 |
|
|a прибавочная стоимость
|
| 610 |
1 |
|
|a капитализм
|
| 686 |
|
|
|a Ю3(0)6-602.12
|v LBC/SL-A
|2 rubbk
|
| 801 |
|
1 |
|a RU
|b 63413507
|c 20020409
|g PSBO
|
| 801 |
|
2 |
|a RU
|b 63413507
|c 20190516
|g PSBO
|
| 942 |
|
|
|c BK
|